000 00606nam a2200241Ia 4500
003 OSt
005 20221007070957.0
006 a|||||r|||| 00| 0
007 ta
008 221006b |||||||| |||| 00| 0 eng d
024 _a33,543
037 _cTextual
040 _aFLL
_cFLL
_beng
041 _2eng
_aeng
082 _aZ2,8e, P9
100 _aMogha P.C.
_9345932
245 0 _aIndian conveyancer
250 _a14th
260 _aKolkata
_bEastern Law House India
_c2009
300 _axxxi,1025p
_ccm.
942 _hZ2,8e, P9
_cTEXL
_2CC
999 _c1142036
_d1142036